000 00840pam a2200253 a 4500
001 3943026
005 20180214050120.0
008 930813s1994 nyua j b 001 0 eng
010 _a 93030330
020 _a0195081250 (acidfree paper)
040 _aDLC
_cDLC
_dDLC
041 _aeng
042 _alcac
043 _an-us---
080 _a305.409730 mar
082 0 0 _a305.409730 mar
_220
100 1 _a16
101 _ahis
245 1 4 _aThe limits of independence :
_cMarylynn Salmon.
504 _aIncludes bibliographical references (p. 137-139) and index.
906 _a7
_bcbc
_corignew
_d1
_eocip
_f19
_gy-gencatlg
942 _2ddc
_cBK
999 _c42485
_d42485